000
00271nam a2200109Ia 4500
001
1276654
005
20260417160451.0
008
260417s9999 xx 000 0 und d
020
_a
9789944693561
245
0
_a
Ortanca Balık
_c
Hanzade Servi
260
_b
Tudem Yayınları
999
_c
1276654
_d
1276654